000 02216nam a22003131 4500
005 20050808122104.0
008 721219s1962 nyu 000 0 eng
010 _aB-348702-709
020 _a9788122310207
_c295.00
035 _aB-348702-709
037 _bUBH
040 _adpl
_bEnglish
082 _a220.21
100 _aNair, Shantha N.
245 _aEchoes of ancient Indian wisdom :
_cby Shantha N .Nair
_bthe universal Hindu vision and its edifice /
260 _aNew Delhi
_bHindology Books
_c2008
270 _aJ-3/16, Daryaganj
_bNew Delhi
_e110002
_k23276539
_k23272783
_minfo@pustakmahal.com
300 _a306 p.
_c25cm(Hb)
500 _aIncludes bibliographical references
942 _2ddc
_cEN
_h220.21
_mNAI
999 _c24146
_d24146